01372njm a2200325Ia 450000100060000000300090000600500170001500800410003204000130007304000130008610000200009910000180011910000380013724500390017525000110021426000110022526000670023630000100030330000290031350000160034250501130035851100780047165000460054970000640059570000860065970000650074570000800081070000650089070000910095525886IT-RoPAU20220918181110.0131025s9999 xx 000 0 und d aIT-RoPAU cIT-RoPAU aMonk Thelonious eAutore musica gCodice autore musica SPICS: 10795 aMonk On Riverside 1957-58, vol. 08 a2a ed. aMILANO bRIVERSIDE RECORDSc1984 [1a Ed.:1957 - Ed. Lingua Orig.: 1957] aDISCO c40 minuti (Testo: pag.) aMusica jazz aI Mean You - Rhythm A Ning - Round Midnight [(agosto 1957) (9:00)] - Sweet and Lovely [(agosto 1957) (8:00)] aMulligan Gerry: baritone sax; Monk Theolonoius: piano; Ware Wilson: drums aJAZZ [DISCHI]eCodice MATERIA SPICS: 9950 aMonk TheloniouseInterpretegCodice interprete SPICS: 10795 aMonk TheloniousgCodice autore musica SPICS: 10795eAutore musicapRound Midnight aWilliamsgCodice autore SPICS: 20150eAutorepRound Midnight aArnheimgCodice autore musica SPICS: 21463eAutore musicapSweet and Lovely aTobiasgCodice autore SPICS: 27926eAutorepSweet and Lovely aLemaregCodice autore testo/musica SPICS: 27927eAutore testo/musicapSweet and Lovely